000 00422nam a2200181Ia 4500
008 210210b1933 xxu||||| |||| 00| 0 eng d
041 _aeng
082 _a822/245
100 _aCARLYLE (Thomas)
245 _aAbbot samson: Cavenagh Ed
260 _aLondon
_bMacmillan & Co. Ltd.
_c1933
650 _asamson:
650 _aEd
650 _aCavenagh
650 _aAbbot
690 _aEnglish Prose
906 _a012431
999 _c131232
_d131232